Στα όρια της αντοχής
Αποθηκεύτηκε σε:
| Κύριος συγγραφέας: | |
|---|---|
| Άλλοι συγγραφείς: | |
| Μορφή: | Βιβλίο |
| Γλώσσα: | Greek French |
| Δημοσίευση: |
[Αθήνα] :
Ωκεανίδα,
c1985.
|
| Θέματα: | |
| Ετικέτες: |
Προσθήκη ετικέτας
Δεν υπάρχουν, Καταχωρήστε ετικέτα πρώτοι!
|
MARC
| LEADER | 00000cam a2200000 a 4500 | ||
|---|---|---|---|
| 001 | 1/111150 | ||
| 008 | 160617s1985####gr | ||| |||| ||gre|| | ||
| 040 | |a GR-MyUa |b gre |c GR-MyUa |e AACR2 | ||
| 041 | 1 | |a gre |h fre | |
| 082 | 7 | |a 843 |2 (23) | |
| 100 | 1 | |a Sagan, Francoise, |d 1935-2004. | |
| 245 | 1 | 3 | |a Στα όρια της αντοχής / |c Φρανσουάζ Σαγκάν ; μετάφραση Έρη Κανδρή. |
| 260 | |a [Αθήνα] : |b Ωκεανίδα, |c c1985. | ||
| 300 | |a 219 σ. ; |c 21 εκ. | ||
| 500 | |a Τίτλος πρωτοτύπου: De guerre lasse. | ||
| 650 | 0 | |a French fiction. | |
| 700 | 1 | |a Κανδρή, Έρη. | |
| 852 | |a INST |b SAMOS |e 20160617 |h 843 SAG |p 005300043657 |q 005300043657 |t BK |y 0 | ||
| 970 | |a Γουβάλα |b Βάσω |z 17-06-2006 | ||